A transformação do trabalho e a formação professional na sociedade da incerteza: uma contribuição ao pensamento histórico-crítico /
Na minha lista:
| Autor principal: | |
|---|---|
| Outros Autores: | |
| Formato: | Texto |
| Tags: |
Adicionar Tag
Sem tags, seja o primeiro a adicionar uma tag!
|
MARC
| LEADER | 00000 a a2200000 04500 | ||
|---|---|---|---|
| 001 | 44775 | ||
| 003 | |||
| 040 | |||
| 100 | |a Ciavatta, Maria | ||
| 245 | |a A transformação do trabalho e a formação professional na sociedade da incerteza: |b uma contribuição ao pensamento histórico-crítico / |c Maria Ciavatta y Eunice Trein | ||
| 700 | |a Trein, Eunice | ||
| 773 | |g páginas 187-215 | ||
| 999 | |c 35910 |d 35910 | ||
